000 00494nam a2200181 4500
001 44350
090 _a44350
100 _a20250325 pory50
101 _apor
_aing
102 _aPT
200 _aRapa Nui
_ea verdadeira história da Ilha da Páscoa
_fNational Geographic
210 _a[S.l.]
_cNational Geographic
_cdist. Zon audiovisuaias
_d[d.reg. 2012]
215 _a1 DVD
225 _aNational Geographic
300 _a51 min M/6
675 _a94(3)
801 _aPT
_gRPC
990 _cFILMES DVD